000 00261nam a22001097a 4500
041 _aENG
245 _aEconomic Survey - 2005-2006
260 _aDelhi
_bGovernment of India
_c2005
300 _as-117
650 _aCompetitlve Exam
856 _uCompetitlve Exam ( 36 )
999 _c930
_d930